00541nam a2200169 a 4500008004100000020001800041050001600059100002300075245007700098260004800175300002200223350000900245490004900254650003100303650002500334650001200359101103s2008 ||||||||||||||||| || u a9780521898614 aHG 1811 Hal aHall, Rodney Bruce10aCentral banking as global governance: constructing financial credibility aCambridgebCambridge University Pressc2008 axiii, 256p.: ill. a0.00 aCambridge studies in international relations aBANKS AND BANKING, CENTRAL 0aCORPORATE GOVERNANCE aBANKING